| 000 | 00409nam a2200193Ia 4500 | ||
|---|---|---|---|
| 003 | 0100 | ||
| 008 | 130303s9999 xx 000 0 und d | ||
| 040 | _cARRUPELIB | ||
| 050 | _aHM51.P35 | ||
| 100 | _aParsons, Talcott | ||
| 245 | 4 | _aThe social system | |
| 260 | _aGlencoe | ||
| 260 | _bFree Press | ||
| 260 | _C1951 | ||
| 300 | _a575p | ||
| 300 | _b22cm | ||
| 700 | _aTalcott Parsons | ||
| 942 | 0 | 0 | _01 |
| 999 |
_c55841 _d55841 |
||